Macmillan English grammar in context, (Record no. 10340)

MARC details
000 -LEADER
fixed length control field 01318cam a22003495a 4500
003 - CONTROL NUMBER IDENTIFIER
control field EG-ScBUE
005 - DATE AND TIME OF LATEST TRANSACTION
control field 20220516104252.0
006 - FIXED-LENGTH DATA ELEMENTS--ADDITIONAL MATERIAL CHARACTERISTICS--GENERAL INFORMATION
fixed length control field m||||fq||h 00| 0
008 - FIXED-LENGTH DATA ELEMENTS--GENERAL INFORMATION
fixed length control field 090114s2008 enka f 001 0 eng d
020 ## - INTERNATIONAL STANDARD BOOK NUMBER
International Standard Book Number 9781405071444
040 ## - CATALOGING SOURCE
Original cataloging agency EG-ScBUE
Language of cataloging eng
Description conventions rda
Transcribing agency EG-ScBUE
Modifying agency EG-ScBUE
082 04 - DEWEY DECIMAL CLASSIFICATION NUMBER
Classification number 428.2
Item number VIN
Edition number 22
100 1# - MAIN ENTRY--PERSONAL NAME
Personal name Vince, Michael,
Relator term author.
9 (RLIN) 39915
245 10 - TITLE STATEMENT
Title Macmillan English grammar in context,
Name of part/section of a work Intermediate /
Statement of responsibility, etc Michael Vince.
246 30 - VARYING FORM OF TITLE
Title proper/short title Intermediate
264 #1 - PUBLICATION, DISTRIBUTION, ETC. (IMPRINT)
Place of publication, distribution, etc Oxford :
Name of publisher, distributor, etc Macmillan Education,
Date of publication, distribution, etc 2008.
300 ## - PHYSICAL DESCRIPTION
Extent 3 volumes :
Other physical details color illustrations ;
Dimensions 25 cm +
Accompanying material 1 CD
336 ## - CONTENT TYPE
Source rdacontent
Content type term text
Content type code txt
336 ## - CONTENT TYPE
Source rdacontent
Content type term spoken word
Content type code spw
337 ## - MEDIA TYPE
Source rdamedia
Media type term unmediated
Media type code n
337 ## - MEDIA TYPE
Source rdamedia
Media type term audio
Media type code s
338 ## - CARRIER TYPE
Source rdacarrier
Carrier type term volume
Carrier type code nc
338 ## - CARRIER TYPE
Source rdacarrier
Carrier type term audio disc
Carrier type code sd
500 ## - GENERAL NOTE
General note Includes index.
520 ## - SUMMARY, ETC.
Summary, etc A grammar reference book that takes students from the traditional practice of grammar forms through topic based practice exercies.
650 #7 - SUBJECT ADDED ENTRY--TOPICAL TERM
Topical term or geographic name as entry element English language
General subdivision Study and teaching
-- Foreign speakers
Form subdivision Problems, exercises, etc.
Source of heading or term BUEsh
650 #7 - SUBJECT ADDED ENTRY--TOPICAL TERM
Topical term or geographic name as entry element English language
General subdivision Grammar
-- Study and teaching
-- Foreign speakers.
Source of heading or term BUEsh
651 ## - SUBJECT ADDED ENTRY--GEOGRAPHIC NAME
Source of heading or term BUEsh
653 ## - INDEX TERM--UNCONTROLLED
Resource For college Humanities: English
Arrived date list July2019
655 ## - INDEX TERM--GENRE/FORM
Form subdivision Reading book
9 (RLIN) 34232
942 ## - ADDED ENTRY ELEMENTS (KOHA)
Source of classification or shelving scheme Dewey Decimal Classification
Koha item type Book - Borrowing
Holdings
Withdrawn status Lost status Source of classification or shelving scheme Damaged status Not for loan Home library Current library Shelving location Date acquired Source of acquisition Total Checkouts Full call number Barcode Date last seen Date checked out Price effective from Koha item type Total Renewals Collection code
    Dewey Decimal Classification     Central Library Central Library Second Floor 14/01/2009 Purchase 2 428.2 VIN 000014161 15/07/2025 27/04/2011 14/01/2009 Book - Borrowing    
    Dewey Decimal Classification     Central Library Central Library Second Floor 14/01/2009 Purchase 4 428.2 VIN 000015122 15/07/2025 13/01/2010   Book - Borrowing 3  
    Dewey Decimal Classification     Central Library Central Library Second Floor 14/01/2009 Purchase 1 428.2 VIN 000015155 15/07/2025 17/02/2009   Book - Borrowing    
    Dewey Decimal Classification     Central Library Central Library Second Floor 19/01/2009     428.2 VIN 000015023 24/08/2022     CD | DVD - With book (NB)    
    Dewey Decimal Classification     Central Library Central Library Second Floor 19/01/2009 Purchase   428.2 VIN 000015024 24/08/2022     CD | DVD - With book    
    Dewey Decimal Classification     Central Library Central Library Second Floor 19/01/2009 Purchase 1 428.2 VIN 000015025 24/08/2022 28/06/2011   CD | DVD - With book 1  
    Dewey Decimal Classification     Central Library Central Library Second Floor 04/03/2009   4 428.2 VIN 000015191 15/07/2025 11/09/2011 04/03/2009 NB - Book (Non borrowing) 2 Baccah
    Dewey Decimal Classification     Central Library Central Library Second Floor 04/03/2009 Purchase 2 428.2 VIN 000015190 24/08/2022 29/03/2009   CD | DVD - With book   Baccah